000 00535nam a2200169 i 4500
001 17932
003 ES-MaACL
007 t|
008 010625s1972 sp ||||1| spa d
080 _a329(460)PCE (063)
245 0 0 _aVIII Congreso del Partido Comunista de España.
260 _a[S.l. :
_bs.n.],
_c1972 (
_eBucarest :
_f"13 de Diciembre 1918")
300 _a376 p. ;
_c24 cm.
500 _aBiblioteca Juan Andrade.
610 2 7 _aPartido Comunista de España-
_vCongresos y asambleas.
_96138
852 _aES-MaACL
_jAND-42
_bR.109371
999 _c17932
_d17932